Петродворец Коттедж: альбом

Xehetasun bibliografikoak
Beste egile batzuk: Тенихина В. М. Валентина Михайловна (составитель)
Hizkuntza:errusiera
Argitaratua: Ленинград, Лениздат, 1986
Gaiak:
Formatua: Liburua
KOHA link:https://koha.lib.tpu.ru/cgi-bin/koha/opac-detail.pl?biblionumber=198047

MARC

LEADER 00000nam0a2200000 4500
001 198047
005 20231031183709.0
035 |a (RuTPU)RU\TPU\book\216016 
090 |a 198047 
100 |a 20110622d1986 m y0rusy50 ca 
101 0 |a rus 
102 |a RU 
105 |a a z 000zy 
200 1 |a Петродворец Коттедж  |e альбом  |f сост. В. М. Тенихина 
210 |a Ленинград  |c Лениздат  |d 1986 
215 |a 30 с.  |c ил. 
610 1 |a Петродворец 
610 1 |a пригороды 
610 1 |a Ленинград 
610 1 |a дворцы-музеи 
610 1 |a парки 
610 1 |a сады 
610 1 |a альбомы 
675 |a 711.424  |v 3 
702 1 |a Тенихина  |b В. М.  |g Валентина Михайловна  |4 220 
801 1 |a RU  |b 63413507  |c 20110622 
801 2 |a RU  |b 63413507  |c 20110902  |g RCR 
942 |c BK